000
00278pab a2200121 454500
008
180718b xxu||||| |||| 00| 0 eng d
100
_a
Ranade, Sudhanshu
245
_a
Octroi, no easy way out
650
_a
Octroi
650
_a
Local Government
773
_a
Hindu
909
_a
22700
999
_c
22700
_d
22700